đź“–đź’¬Paroles "La Grenouille qui veut se faire..." la Fontaine - Statistiques

Statistiques générales
  • Ce quiz a Ă©tĂ© pris 160 fois
  • Le rĂ©sultat moyen est 62 sur 111
Statistiques - réponses
Mots % Correct
Grenouille
100%
a
98%
Boeuf,
98%
l'
98%
qu'
98%
s'
95%
S'
95%
un
93%
Qui
91%
qui
91%
Une
91%
et
90%
se
90%
M'
86%
n'
86%
Elle
85%
elle
85%
La
84%
pas
84%
en
83%
grosse
83%
de
81%
Le
81%
était
77%
ma
74%
Est-
71%
est
71%
ce
70%
ne
69%
tout
69%
tout.
69%
Tout
69%
vit
69%
des
67%
les
66%
lui
62%
plus
62%
si
62%
du
60%
je
60%
comme
58%
taille.
58%
Pour
57%
belle
56%
bien,
56%
bien
56%
y
56%
Vous
55%
point
51%
Point
51%
point.
51%
veut
51%
sembla
47%
moi ?
44%
petit
44%
suis-
44%
donc ?
43%
oeuf,
42%
encore ?
38%
enfla
38%
animal
36%
enfle
35%
sont
34%
grands
31%
approchez
28%
avoir
28%
creva.
28%
gens
28%
monde
28%
voilĂ  ?
27%
Nenni.
26%
voici
24%
Prince
21%
plein
20%
assez ?
19%
égaler
17%
soeur,
17%
dites-
16%
sages :
16%
Seigneurs ;
16%
travaille,
16%
grosseur ;
15%
Pages.
15%
Marquis
14%
pécore
14%
Ambassadeurs :
13%
bourgeois
13%
chétive
13%
étend,
13%
Disant :
10%
Regardez
10%
bâtir
9%
Envieuse
9%
Aucun quiz correspondant
Distribution des résultats
% des personnes avec chaque résultat
Percentile par nombre de réponses
Votre historique - résultats
Vous n’avez pas pris ce quiz